Rozpoznaj piosenki po fragmencie tekstu! cz.3 - Statystyki

Ogólne statystyki
  • Ten quiz został rozwiązany 295 razy
  • Średni wynik to 15 z 60
Statystyki odpowiedzi
NR Fragment piosenki Wykonawca/Zespół % Poprawnych
29.1 Gdy nie bawi cię już Świat zabawek mechanicznych Kiedy dręczy cię ból Niefizyczny Zamiast słuchać bzdur Głupich telefonicznych wróżek zza siedmiu mórz Spytaj siebie czego pragniesz Dlaczego kłamiesz, że miałaś wszystko Perfect
68%
4.1 Idziesz ulicą Uśmiechasz się Skonstruowałeś bombę Skondensowaną śmierć Znasz datę i godzinę Gdy świat się zacznie bać Policja wszystkich krajów Rysopis twój chce znać Lady Pank
56%
21.2 Tytuł piosenki Aicha
49%
29.2 Tytuł piosenki Kołysanka dla nieznajomej
49%
12.1 Dobre stopnie za chamstwo masz, to jest to W nowym zwarciu za faulem faul, nim gruchnie gong Mówią: szmal określa byt, trzymaj tak Twarde łokcie pomogą ci i giętki kark Czy to już znasz, kochanie Czy nie wiesz, jak to jest Czy wierzysz im bez granic Czy zechcesz wierzyć mnie Kombi
49%
9.2 Tytuł piosenki Prawy do lewego
47%
1.2 Tytuł piosenki To nie ja
46%
11.2 Tytuł piosenki Całuj mnie
44%
16.1 Tak niewiele żądam Tak niewiele pragnę Tak niewiele widziałem Tak niewiele zobaczę Tak niewiele myślę Tak niewiele znaczę Tak niewiele słyszałem Tak niewiele potrafię Chłopcy z placu broni
43%
1.1 Świat mój tak zwyczajny Pod niebem biało-czarnym Ludzie są wycięci z szarych stron Ze środka ksiąg Piękni są z romansu tła Zmęczeni tylko z gazet A ja ... jestem białą, czystą kartką Pośród Was Edyta Górniak
43%
19.2 Tytuł piosenki Ona jest ze snu
43%
12.2 Tytuł piosenki Słodkiego miłego życia
43%
8.1 Nie wiem jak mam to zrobić, ona zawstydza mnie, Strach ma tak wielkie oczy, wokół ciemno jest, Czuję się jak Benjamin i udaję, że śpię, Chyba walnę kilka drinków, może nakręcą mnie, Nakręcą mnie! Dżem
41%
16.2 Tytuł piosenki Kocham wolność
41%
10.1 Chmury wiszą nad miastem, ciemno i wstać nie mogę Naciągam głębiej kołdrę, znikam, kulę się w sobie Powietrze lepkie i gęste, wilgoć osiada na twarzach Ptak smętnie siedzi na drzewie, leniwie pióra wygładza Maanam
41%
25.1 Herbata stygnie zapada mrok A pod piórem ciągle nic Obowiązek obowiązkiem jest Piosenka musi posiadać tekst Gdyby chociaż mucha zjawiła się Mogłabym ją zabić a później to opisać Hey
40%
11.1 Kupiłem sobie dżiny, buty, czapkę i pas Opuszczam Amerykę - byłem tam pięć lat Lecz tęsknię już tak bardzo, że nie mogę spać nie mogę jeść marzeniem moim twarz zobaczyć twoją jest. Wiozę torby z darami, W aucie z alufelgami, Portfel cały wypchany dolarami Piersi
40%
10.2 Tytuł piosenki Krakowski spleen
36%
14.2 Tytuł piosenki Siedem życzeń
35%
25.2 Tytuł piosenki Teksański
35%
8.2 Tytuł piosenki Czerwony jak cegła
32%
5.1 Odkąd sięgam pamięcią, zawsze było coś nie tak. W niełasce, w ciągłym nieszczęściu los bił na oślep. Szybko przestałam być dzieckiem. Czy choć przez chwile byłam nim? I naprawdę nic, co ludzkie, mi obce nie jest. Zabawne, jakie rzeczy potrafią czasem do głowy przyjść… A ja za dużo widzę, zbyt mocno czuję. Edyta Bartosiewicz
32%
5.2 Tytuł piosenki Jenny
31%
4.2 Tytuł piosenki Zamki na piasku
30%
9.1 A na stole śledzik był Zobaczył go pan Zbych I pojął dobrze w mig Że śledzik lubi pływać Wstał by nowy toast wniesć Za rodzin świętą rzecz No i teściowych rzecz Rodzina to jest siła! Kayah i Bregovic
28%
19.1 By nasze życie miało wreszcie jakiś smak. Wracam chętnie do chwili i pamiętam pierwszy raz. Pierwsze spotkanie jak podróż w nieznane. Siedzieliśmy wpatrzeni tak jak dzieci, które jeszcze nic nie wiedzą. Artur Gadowski
27%
13.1 Ile listów, ile rozstań, ciężkich godzin w miastach wielu? I znów upór, żeby powstać i znów iść i dojść do celu. Ile w trudzie nieustannym wspólnych zmartwień, wspólnych dążeń? Ile chlebów rozkrajanych? Pocałunków? Schodów? Książek? Marek Grechuta
27%
20.1 Jesteś tak daleko ode mnie, czasami jednak blisko tak, Mogę porozmawiać z Tobą czasem Czasem znajdujesz dla mnie czas. Chciałbym coś powiedzieć o Tobie Tak często czuję Twoją siłę. Nic się nie dzieje przypadkowo Chociaż tak często w to wątpiłem. T.Love
27%
27.2 Tytuł piosenki Plus i minus
26%
27.1 Idę tam, idę sam w tą czarną chwilę tyle myśli w sekund tyle. To wątpliwe, żebym czegokolwiek bał dziś się, cokolwiek - ja to wszystko p***, wiesz. I szkołę, stres, strach, k*** mać! Czas się bać, nadszedł czas, sprawdź to, sprawdź! Plus i minus to jak jakiś p*** wyrok Sądu mego czas, pytanie: muszę zginąć? Boże, doktorze, może pomoże ktokolwiek Który z was mi odpowie, kto? Czy to kara za mych grzechów sto Kaliber 44
24%
18.1 Ja widziałem, tak wielu trzymało się za ręce Mówią, jeśli się zgodzimy, ty możesz zostać tu Tylko jeden z nas może tu zostać, to nie będziesz ty A ja nie chcę stąd odchodzić, ja nie chcę smucić się Kult
22%
3.1 Więc nie bój się, podaj swoją dłoń Zaufaj mi, byłam tam nie raz Woda zmywa ból, słońce suszy łzy Wiatr przegania lęk, ja to wiem, byłam tam Varius Manx
21%
15.1 Przeciwko sobie budujemy te historie Przeciwko sobie podnosimy teraz głos Nikt się nie pyta czemu udział bierzesz w wojnie I nie obchodzi twoje zdanie Nieważny jest twój los Ktoś przecież może się pomylić Nieważny jest twój los Ktoś przecież może się pomylić Budka Suflera
20%
21.1 Znów dziś przeszła obok mnie. Nie istnieję dla niej chociaż wiem Na spojrzenie czekam lub gest Proszę, Aicha, żądaj czego chcesz Rzucę Ci klejnoty do stóp Złoto i pereł jasny sznur Owoce znajdę słodsze niż miód Za miłość Twoją, życie me Magma
20%
14.1 Siedem życzeń spełni się Jak magicznych siedem liczb Nie uciekniesz choćbyś chciał Przed wyborem Siedem życzeń, życzeń twych Jak mądrości siedem bram Czy potrafisz przez nie przejść Będąc sobą Wanda i Banda
20%
23.1 Noc się kiedyś skończy, więc chodźmy zanim znajdą nas To ostatni szept, nim będzie nasz ostatni raz Potem możesz być, najbardziej niecierpliwa ja Wezmę z twoich rąk, to wszystko co mi dasz Andrzej Piaseczny
18%
22.1 Jaki ranek, taki dzień - nie dziwi nic Jaka woda, taki brzeg - nie dziwi nic Jaka pościel, takie sny - nie dziwi nic Nawet to co jest Jakie serce, taki lęk - nie dziwi nic Jaka słabość, taki grzech - nie dziwi nic Jaka kieszeń, taki gest - nie dziwi nic Nawet to co jest Edyta Geppert
16%
22.2 Tytuł piosenki Jaka róża taki cierń
16%
24.2 Tytuł piosenki W taką ciszę
16%
13.2 Tytuł piosenki Ocalic od zapomnienia
13%
20.2 Tytuł piosenki Bóg
12%
2.1 Miałem szczęście w waszych twarzach, miałem i w sobie, to się zdarza. Czułem spokój w waszych duszach ale nikt do tego nie wymyślił stróża Oddział Zamknięty
12%
24.1 Nie o uśmiech mi chodzi Bo się śmiałaś nie raz Ale o to, co kiedyś utworzyło się w nas Coś co przyszło tak nagle I odeszło jak wiatr Czego w życiu najbardziej mi brak W taką, w taką cisze Wszystkie gwiazdy na niebie wyliczę Ciebie, Ciebie wołam Ale cisza i pustka dookoła Universe
12%
7.2 Tytuł piosenki Bracka
11%
17.1 Wciąż pamiętam tamten dzień Smak Twoich ust W głowach wirował nam świat Może lekko Przesadziłem Wiesz jak to jest Życie tak krótko trwa Gdy Cię nie ma kogoś mi brak Czuję pustkę i żal Stachursky
11%
7.1 Na północy ściął mróz, Z nieba spadł wielki wóz, Przykrył drogi pola i lasy. Myśli zmarzły na lód, Dobre sny zmorzył głód, Lecz przynajmniej się można przestraszyć. Grzegorz Turnau
10%
28.1 Mówisz o pokoju Czy Ty nie widzisz, że Są tacy, którzy chcą, żebyśmy Pozabijali się Żebym ja zabił Ciebie Żebyś Ty zabiła mnie Żebyśmy żyli w strachu Całe noce i całe dnie Tilt
10%
17.2 Tytuł piosenki Zostańmy razem
9%
26.1 Byłaś prześliczna, niczym poranek, Niczym wiosenny kwiat jabłoni I nie zapomnę nigdy tej chwili, Gdy dłoń dotknęła twojej dłoni. I nie zapomnę tych chwil radosnych, Kiedy nie mogąc wydobyć słowa, Z zapartym tchem patrzyłem Ci w oczy, Tak trwała nasza bez słów rozmowa. Daab
8%
28.2 Tytuł piosenki Mówię ci że
8%
2.2 Tytuł piosenki Ten Wasz świat
8%
23.2 Tytuł piosenki Niecierpliwy
6%
26.2 Tytuł piosenki W moim ogrodzie
6%
6.1 Ciągle mną telepie febra Łazi za mną koszmar blues Trąbią na mnie wciąż na zebrach Czuję się jak spruty wór Więc wróć I zostaw ją we łzach No wróć No po co taki garb Więc wróć Nie chowaj się za sen No wróć Pomyłka ludzka rzecz Papa Dance
5%
3.2 Tytuł piosenki Ten sen
5%
18.2 Tytuł piosenki Piosenka młodych wioślarzy
4%
15.2 Tytuł piosenki Demony wojny
3%
6.2 Tytuł piosenki Kamikadze wróć
3%
30.1 Codziennie chcesz więcej mnie, Więcej mnie mieć. Wciąż wyższy stawiasz mur. Za krokiem w krok chciałbyś dojść, Odnaleźć punkt, Za którym mnie nie będzie już. Choćbyś był jedynym Moich snów autorem, Choćbyś absolutną władzę miał, Choćbyś wiedział znacznie Wcześniej już, co teraz wolę, Będziesz tylko cząstkę prawdy znał. Izabela Trojanowska
1%
30.2 Tytuł piosenki Jestem Twoim grzechem
1%
Nie znaleziono quizów pasujących do podanych kryteriów
Rozkład punktacji
Procent ludzi z każdym wynikiem
Percentyl według liczby udzielonych odpowiedzi
Twoja historia wyników
Nie rozwiązałeś tego quizu